000 00329nam a2200133Ia 4500
008 151001s9999||||xx |||||||||||||| ||und||
100 _aदुर्गा - भागवत
245 _aपैस
250 _a3
260 _bपुणे प्रकाशन
260 _c1988
300 _a144
365 _b18
999 _c966759
_d966756